Sociálne služby

Sociálne služby predstavujú rôzne činnosti určené na pomoc ľuďom, ktorí sa ocitli v nepriaznivej sociálnej situácii, nevedia si sami zamezpečiť základné životné potreby alebo potrebujú pomoc z iných vážnych dôvodov. Druhy a formy sociálnych služieb.

Gespeichert in:
Bibliographische Detailangaben
1. Verfasser: Mrukviová Tomiová, Sandra
Format: Buchkapitel
Sprache:Slowakisch
Schlagworte:
Tags: Tag hinzufügen
Keine Tags, Fügen Sie das erste Tag hinzu!

MARC

LEADER 00000naa a2200000 4500
001 0186671
005 20231120134208.9
041 0 |a slo 
044 |a SK 
245 1 0 |a Sociálne služby  |c Sandra Mrukviová Tomiová 
520 |a Sociálne služby predstavujú rôzne činnosti určené na pomoc ľuďom, ktorí sa ocitli v nepriaznivej sociálnej situácii, nevedia si sami zamezpečiť základné životné potreby alebo potrebujú pomoc z iných vážnych dôvodov. Druhy a formy sociálnych služieb. 
610 2 0 |a potreby sociálne 
610 2 0 |a služby sociálne 
100 1 |a Mrukviová Tomiová, Sandra